Ya no doy más, prosaicas que me amáis

Guardado en:
Detalles Bibliográficos
Autor principal: Uribe Arce, Armando (Autor)
Formato: Libro
Lenguaje:español
Publicado: Santiago Universidad Diego Portales 2012
Edición:1a. ed
Materias:
Etiquetas: Agregar Etiqueta
Sin Etiquetas, Sea el primero en etiquetar este registro!

MARC

LEADER 00000cam a2200000 a 4500
001 UCE1561
003 CL-VaPUC
008 140502e20120000cl |||||||||||||||||spa|d
020 |a 9789563141696 
082 0 4 |a Ch861  |b URI  |2 21 
100 0 |a Uribe Arce, Armando  |e author  |9 461724 
245 1 0 |a Ya no doy más, prosaicas que me amáis 
250 |a 1a. ed 
300 |a 163 p 
942 |c BK 
945 |d 20140502 10:02:00  |a dcastane 
260 |a Santiago  |b Universidad Diego Portales  |c 2012 
650 0 |a Poesías chilenas   |9 265280 
650 0 |a Literatura chilena   |9 308278 
583 |a last modification  |c 20140502 10:02:00  |k Rodrigo Vera 
999 |c 355315  |d 355313 
952 |0 0  |1 0  |3 erb  |4 0  |6 CH_861_000000000000000_URI_2012  |7 0  |8 A  |9 461982  |a BIBART  |b BIBART  |i 5073235  |l 2  |o Ch861 URI 2012  |p 5073235  |r 2025-03-13  |s 2022-03-23  |w 2019-11-23  |y BK  |z Catalogado en:20140502  |k ART